Программа расчета статистического режима схем с полупроводниковыми диодами и триодами; Известия Томского политехнического института [Известия ТПИ]; Т. 231 : Презиционная электронная поверочная и измерительная аппаратура

التفاصيل البيبلوغرافية
Parent link:Известия Томского политехнического института [Известия ТПИ]/ Томский политехнический институт (ТПИ).— , 1944-1976
Т. 231 : Презиционная электронная поверочная и измерительная аппаратура.— 1971.— [С. 99-102]
المؤلف الرئيسي: Пфенинг В. В.
الملخص:Заглавие с титульного листа
Электронная версия печатной публикации
اللغة:الروسية
منشور في: 1971
الموضوعات:
الوصول للمادة أونلاين:Черно-белая версия для предварительного просмотра
Цветная версия без потери качества
التنسيق: MixedMaterials الكتروني فصل الكتاب
KOHA link:https://koha.lib.tpu.ru/cgi-bin/koha/opac-detail.pl?biblionumber=226810

MARC

LEADER 00000nla2a2200000 4500
001 226810
005 20231031201238.0
035 |a (RuTPU)RU\TPU\book\247198 
035 |a RU\TPU\book\247197 
090 |a 226810 
100 |a 20121127d1971 k y0rusy50 ca 
101 0 |a rus 
102 |a RU 
135 |a drnn ---uucaa 
181 0 |a i  
182 0 |a b 
200 1 |a Программа расчета статистического режима схем с полупроводниковыми диодами и триодами  |b Электронный ресурс  |f В. В. Пфенинг 
203 |a Текст  |c электронный 
215 |a 2 файла (218 Кб, 9 Мб) 
230 |a Электронные текстовые данные (2 файла : 218 Кб, 9 Мб) 
300 |a Заглавие с титульного листа 
300 |a Электронная версия печатной публикации 
320 |a [Библиогр.: с. 102 (3 назв.)] 
337 |a Adobe Reader 
461 1 |0 (RuTPU)RU\TPU\book\200995  |t Известия Томского политехнического института [Известия ТПИ]  |f Томский политехнический институт (ТПИ)  |d 1944-1976 
463 1 |0 (RuTPU)RU\TPU\book\247175  |t Т. 231 : Презиционная электронная поверочная и измерительная аппаратура  |v [С. 99-102]  |d 1971  |p 110 с. 
610 1 |a электронный ресурс 
610 1 |a труды учёных ТПУ 
700 1 |a Пфенинг  |b В. В. 
801 1 |a RU  |b 63413507  |c 20090320  |g PSBO 
801 2 |a RU  |b 63413507  |c 20130322  |g PSBO 
856 4 |u http://www.lib.tpu.ru/fulltext/v/Bulletin_TPU/1971/v231/16_bw.pdf  |z Черно-белая версия для предварительного просмотра 
856 4 |u http://www.lib.tpu.ru/fulltext/v/Bulletin_TPU/1971/v231/16_full.pdf  |z Цветная версия без потери качества 
942 |c CF